000 00228nam a2200097Ia 4500
008 190216s9999||||xx |||||||||||||| ||und||
100 _aRamkumar Varma
245 0 _aHindi-Saras Akanki Nadak
260 _bHindi Bhavan
942 _cBK
999 _c18332
_d18332